00390nam a2200145Ia 4500003000400000005001700004008004100021040000900062082001900071100001600090245006600106260004400172300000900216650001900225OSt20201022114144.0190216s9999||||xx |||||||||||||| ||und|| coclc a915.403bMUN/R aMunshi, K M 0aRadhakrishnan Reader An Anthology /cK M Munshi ; R R Diwakar bBharatiya Vidya Bhavan,c1969.aBombay: a680p aEnglish Poetry